Music Quiz

Random Music or Lyrics Quiz

ABBA's 'Dancing Queen' Lyrics Quiz Stats

Quiz Updated Mar 27, 2015

Also try: 'Respect' Lyrics
Challenge
Share
Tweet
Embed
Score 0/166 Timer 07:00
6 Plays Today
% Correct
[CHORUS]
99.9%
Dancing
98.8%
Queen
98.8%
Dancing
98.8%
Queen
98.8%
Dancing
98.8%
Queen
98.8%
Dancing
98.8%
Queen
98.8%
the
98.2%
the
98.2%
the
98.2%
the
98.2%
the
98.2%
the
98.2%
the
98.2%
the
98.2%
the
98.2%
the
98.2%
the
98.2%
the
98.2%
the
98.2%
the
98.2%
the
98.2%
the
98.1%
You
97.3%
you
97.3%
you
97.3%
you
97.3%
You
97.3%
you
97.3%
you
97.3%
you
97.3%
you
97.3%
a
96.3%
a
96.3%
a
96.3%
a
96.3%
a
96.3%
oh
95.7%
and
92.3%
and
92.3%
and
92.3%
and
92.3%
and
92.3%
and
92.3%
of
91.3%
of
91.3%
of
91.3%
dance,
90.8%
dance
90.8%
dance,
90.8%
dance
90.8%
can
90.7%
can
90.7%
can
90.7%
% Correct
can
90.7%
are
90.5%
are
90.5%
your
90.3%
your
90.3%
time
88.7%
time
88.7%
life.
88.5%
life
88.5%
that
88.3%
that
88.3%
that
88.3%
that
88.3%
that
88.3%
on,
88%
having
86.9%
having
86.9%
See
85.8%
see
85.8%
in
85.6%
in
85.6%
girl,
84.3%
girl,
84.3%
in
84%
in
84%
in
84%
seventeen
83.9%
only
82.7%
young
82.5%
young
82.5%
watch
81.9%
watch
81.9%
be
81.5%
night
78.2%
Night
78.2%
to
77.6%
to
77.6%
scene
76.3%
go
76.2%
scene
76.3%
for
75.6%
for
75.6%
for
75.6%
for
75.6%
for
75.6%
is
73.7%
is
73.7%
music
73.2%
music
73.2%
sweet
72.2%
low
70.8%
lights
70.6%
feel
70.1%
jive
69.6%
jive
69.6%
beat
69.3%
% Correct
dig
68.8%
dig
68.8%
Friday
68.2%
look
66.1%
place
65.7%
when
65.4%
when
65.4%
tambourine,
63.7%
get
63.7%
get
63.7%
out
62.6%
out
62.6%
looking
62.1%
Looking
62.1%
yeah
60.2%
chance...
60.1%
chance...
60.1%
mood
59.9%
mood
59.9%
from
56.9%
high.
56.9%
You're
56.7%
You're
56.7%
you're
56.7%
You're
56.7%
guy.
55.2%
could
53%
where
51.6%
they
51%
music's
49.8%
right
49.4%
Anybody
49.1%
play
49%
do.
41%
swing
38.2%
then
36.2%
getting
34.9%
king.
34.2%
will
33.6%
'em
33.5%
'em
33.5%
rock
30.7%
turn
30.7%
come
30.6%
With
30.3%
gone.
30.2%
anyone
30.2%
another
29.3%
everything
29.2%
fine.
28.5%
bit
24.9%
leave
23.1%
teaser,
21%
burning
20.6%

You're not logged in!

Compare scores with friends on all Sporcle quizzes.
Sign Up with Email
OR
Log In

You Might Also Like...

Show Comments

Extras

Top Quizzes Today


Score Distribution

Your Account Isn't Verified!

In order to create a playlist on Sporcle, you need to verify the email address you used during registration. Go to your Sporcle Settings to finish the process.